00430cam a2200157ua 45000010005000000080039000050400009000440820010000531000029000632450056000922500009001482600041001573000022001986530014002206530038002342120110803n xxk |||gr||||Z||||||eng cMAIN a155.5 aFleming, C. M.,eAuthor.1 aAdolescence its social psychologycby C. M. Fleming a1st. aLondon:bRoutledge & Kegan Paul,967. avii; 264p:c23cm. aEducation aAdolescence its social psychology